Revelation : (Record no. 7844)

MARC details
000 -LEADER
fixed length control field 01465cam a2200301 a 4500
001 - CONTROL NUMBER
control field 15849928
003 - CONTROL NUMBER IDENTIFIER
control field GBCCL
005 - DATE AND TIME OF LATEST TRANSACTION
control field 20241126110638.0
008 - FIXED-LENGTH DATA ELEMENTS--GENERAL INFORMATION
fixed length control field 090804r20091987ilu b 001 0 eng
010 ## -
-- 2009030296
020 ## - INTERNATIONAL STANDARD BOOK NUMBER
International Standard Book Number 0851116183
040 ## - CATALOGING SOURCE
Original cataloging agency DLC
Transcribing agency DLC
Modifying agency DLC
050 00 -
-- BS2825.53
-- .M67 2009
082 00 - DEWEY DECIMAL CLASSIFICATION NUMBER
Classification number 225.7
Edition information 22
Item number TYN
100 1# - MAIN ENTRY--PERSONAL NAME
Personal name Morris, Leon,
Dates associated with a name 1914-2006.
9 (RLIN) 4795
240 10 -
-- Book of Revelation
245 10 - TITLE STATEMENT
Title Revelation :
Remainder of title an introduction and commentary /
Statement of responsibility, etc. Leon Morris.
260 ## - PUBLICATION, DISTRIBUTION, ETC.
Place of publication, distribution, etc. London. :
Name of publisher, distributor, etc. Tyndale Press,
Date of publication, distribution, etc. 1969
300 ## - PHYSICAL DESCRIPTION
Extent 263 p. ;
Dimensions 21 cm.
490 0# - SERIES STATEMENT
Series statement Tyndale New Testament commentaries ;
Volume/sequential designation v. 20
500 ## - GENERAL NOTE
General note Originally published: The book of Revelation. 1987.
504 ## - BIBLIOGRAPHY, ETC. NOTE
Bibliography, etc. note Includes bibliographical references and index.
505 ## - FORMATTED CONTENTS NOTE
Formatted contents note v.1 Matthew.-- v.2 Mark.-- v.3 Luke.-- v.4 John.-- v.5 Acts.-- v.6 Romans.-- v.7 I Corinthians.-- v.8 II Corinthians.-- v.9 Galatians.-- v.10 Ephesians.-- v.11 Philippians.-- v.12 Colossians and Philemon.-- v.13 I,II Thessalonians.-- v.14 Pastoral Epistles.-- v.15 Hebrews.-- v.16 James.-- v.17 I Peter.-- v.18 II Peter, Jude.-- v.19 I, II,III John.-- v.20 Revelation.
630 00 - SUBJECT ADDED ENTRY--UNIFORM TITLE
Uniform title Bible.
Name of part/section of a work Revelation
Form subdivision Commentaries.
9 (RLIN) 873
906 ## - LOCAL DATA ELEMENT F, LDF (RLIN)
a 7
b cbc
c orignew
d 1
e ecip
f 20
g y-gencatlg
942 ## - ADDED ENTRY ELEMENTS (KOHA)
Source of classification or shelving scheme Dewey Decimal Classification
Koha item type Books
Koha issues (borrowed), all copies 4
Holdings
Withdrawn status Lost status Source of classification or shelving scheme Damaged status Not for loan Home library Current Library Shelving location Date acquired Total checkouts Full call number Barcode Date last seen Date last checked out Copy number Price effective from Koha item type
    Dewey Decimal Classification     GRACE BIBLE COLLEGE GRACE BIBLE COLLEGE Biblical Studies 2018-10-10 4 225.7 TYN 004163 2025-05-01 2024-09-04 v.20 2018-10-10 Books
© Grace Bible College Library 2025